Advanced level physics
Guardat en:
| Autor principal: | |
|---|---|
| Format: | Llibre |
| Idioma: | anglès |
| Publicat: |
Heinemann Educational Publishers
1995
|
| Etiquetes: |
Afegir etiqueta
Sense etiquetes, Sigues el primer a etiquetar aquest registre!
|
MARC
| LEADER | 00000nam a22000007a 4500 | ||
|---|---|---|---|
| 008 | 210615b ||||| |||| 00| 0 eng d | ||
| 020 | |a 0-435-92303-X | ||
| 100 | |a NELKON, Michael. | ||
| 245 | |a Advanced level physics |c Michael Nelkon, Philip Parker. |g xv, 927p; ill. | ||
| 250 | |b 7th ed. | ||
| 260 | |b Heinemann Educational Publishers |c 1995 |h Oxford |i 685652 |l QC173 .N32 |m Nuclear physics. | ||
| 500 | |a “It includes index” | ||
| 942 | |a lcc |c BK |e YUNUSA, A.A. |f 15/6/21 | ||
| 952 | |0 0 |1 0 |2 lcc |4 0 |6 QC0173 N32 |7 0 |9 2587 |a HOL |b HOL |c QZ |d 2021-06-15 |l 0 |o QC173 .N32 |p 2021-6437 |r 2021-06-15 00:00:00 |w 2021-06-15 |y BK | ||
| 999 | |c 1354 |d 1354 | ||